• 首页
  • 本馆介绍
  • 公告通知
  • 最新文献
  • 馆藏检索
  • 电子资源
  • 读者导购
  • 参考咨询
  • 我的图书馆
  • 登录
  • 详细信息显示
  • 放入我的书架
  • 预约/预借图书
  • 作者相关作品
  • 分类相关作品
  • 丛书相关作品
  • 出版社相关作品

书目信息

  • 表格格式
  • 工作单格式
  • 卡片格式
题名:
单味中药补养速查
    
 
作者: 蔡向红 编著
分册:  
出版信息: 合肥   安徽科学技术出版社  2017.03
页数: 298页
开本: 24cm
丛书名:
单 册:
中图分类: R243
科图分类:
主题词: 单方(中药)--中药疗法
电子资源:
ISBN: 978-7-5337-7078-5
000 00725nam0 2200217 450
001 3657
005 20181008113842.85
010    @a978-7-5337-7078-5@dCNY25.80
100    @a20170427d2017 em y0chiy50 ea
101 0  @achi
102    @aCN@b340000
105    @aa z 000yy
200 1  @a单味中药补养速查@9dan wei zhong yao bu yang su cha@f蔡向红编著
210    @a合肥@c安徽科学技术出版社@d2017.03
215    @a298页@c图@d24cm
330    @a本书收录了历代名医的宝贵经验和临床常用单味中药的治病之法,以服务于读者为宗旨,详细叙述了中药治病、养生、美容三方面的内容。
606 0  @a单方(中药)@x中药疗法
690    @aR243@v5
701  0 @a蔡向红@9cai xiang hong@4编著
801  0 @aCN@b91MARC@c20170427
905    @aMuseLib@dR243@e454
    
    单味中药补养速查/蔡向红编著.-合肥:安徽科学技术出版社,2017.03
    298页:图;24cm
    
    
    ISBN 978-7-5337-7078-5:CNY25.80
    本书收录了历代名医的宝贵经验和临床常用单味中药的治病之法,以服务于读者为宗旨,详细叙述了中药治病、养生、美容三方面的内容。
●
相关链接 在E读中查询图书 在五车中查询图书 在当当中查询图书 在豆瓣中查询图书


正题名:单味中药补养速查     索取号:R243/454         预约/预借

序号 登录号 条形码 馆藏地/架位号 状态 备注
1 1123077   211230773   第二样本阅览室/ [索取号:R243/454] 在馆    
2 1123078   211230782   第三借阅区/ [索取号:R243/454] 在馆    
3 1123079   211230791   第三借阅区/ [索取号:R243/454] 在馆    
4 1123080   211230808   第三借阅区/ [索取号:R243/454] 在馆    
5 1123081   211230817   密集书库-生命科学系/ [索取号:R243/454] 在馆    
唐山师范学院图书馆 欢迎您!
大连网信软件有限公司© 版权所有